Normal view
MARC view
- Albinsson, Pia A.
Entry Personal Name
001 - CONTROL NUMBER
- control field: 47069
003 - CONTROL NUMBER IDENTIFIER
- control field: OSt
005 - DATE AND TIME OF LATEST TRANSACTION
- control field: 20221213142821.0
008 - FIXED-LENGTH DATA ELEMENTS
- fixed length control field: 221213|| aca||aabn | a|a d
040 ## - CATALOGING SOURCE
- Original cataloging agency: OSt
- Transcribing agency: OSt
100 ## - HEADING--PERSONAL NAME
- Personal name: Albinsson, Pia A.
670 ## - SOURCE DATA FOUND
- Source citation: Work cat.: (OSt): Albinsson, Pia A., Collaborative Consumption Usage in the US and India: An Exploratory Study /, © October 2019.
